Gota del Vientの採用駅 - Statistics

General Stats
  • This quiz has been taken 234 times
    228 since last reset
  • The average score is 39 of 69
Answer Stats
答え % Correct
大船
85%
横浜
71%
根府川
67%
高崎
67%
大宮
66%
新橋
66%
西船橋
65%
久里浜
65%
東戸塚
65%
稲毛
64%
戸塚
64%
北鎌倉
64%
横須賀
64%
船橋
63%
逗子
63%
赤塚
62%
津田沼
62%
幕張本郷
62%
東船橋
62%
早川
62%
衣笠
61%
藤代
61%
小山
61%
荻窪
61%
下総中山
60%
ひたち野うしく
60%
東海
60%
羽鳥
59%
59%
勝田
59%
佐和
58%
内原
58%
東逗子
58%
新検見川
58%
大津港
57%
勿来
57%
高浜
56%
内郷
55%
保土ケ谷
55%
相模湖
53%
自治医大
53%
四街道
53%
石橋
53%
東鷲宮
53%
東所沢
53%
植田
50%
北府中
50%
中野
50%
伊豆多賀
49%
五井
49%
浜野
49%
酒々井
49%
君津
49%
藤野
49%
新秋津
49%
錦糸町
49%
都賀
49%
物井
48%
新小平
48%
網代
47%
来宮
47%
安房鴨川
47%
新小岩
47%
栗橋
46%
鎌取
42%
甲斐大和
39%
上田
39%
西大宮
38%
天王洲アイル
36%
No matching quizzes found
Score Distribution
Percent of People with Each Score
Percentile by Number Answered
Your Score History
You have not taken this quiz since the last reset